[Event "Russian Championship (Blitz, Men)"]
[Site "Sochi"]
[Date "2018.10.07"]
[Round "14.16"]
[White "Sychev, Klementy"]
[Black "Tsoi, Dmitry"]
[Result "1-0"]
[BlackElo "2390"]
[WhiteElo "2638"]
[LiveChessVersion "1.4.8"]

1. e4 {[%clk 0:03:04]} e5 {[%clk 0:03:04]} 2. Nf3 {[%clk 0:03:05]} d6
{[%clk 0:03:05]} 3. d4 {[%clk 0:03:06]} exd4 4. Nxd4 {[%clk 0:03:07]} Nf6
{[%clk 0:03:08]} 5. Nc3 {[%clk 0:03:08]} Be7 {[%clk 0:03:09]} 6. g3
{[%clk 0:03:10]} Nc6 {[%clk 0:03:09]} 7. Nxc6 {[%clk 0:03:06]} bxc6 8. Bg2 O-O
{[%clk 0:03:11]} 9. O-O {[%clk 0:03:08]} Rb8 {[%clk 0:03:11]} 10. b3
{[%clk 0:03:08]} c5 {[%clk 0:03:09]} 11. Bb2 {[%clk 0:03:02]} Bb7
{[%clk 0:03:11]} 12. Re1 {[%clk 0:03:03]} Nd7 {[%clk 0:03:06]} 13. Na4
{[%clk 0:02:56]} Bf6 {[%clk 0:03:04]} 14. Qd2 {[%clk 0:02:48]} Bc6
{[%clk 0:03:01]} 15. Bxf6 {[%clk 0:02:48]} Qxf6 {[%clk 0:02:45]} 16. Nc3
{[%clk 0:02:49]} Rfe8 {[%clk 0:02:27]} 17. Rad1 {[%clk 0:02:45]} Rb4
{[%clk 0:02:27]} 18. e5 {[%clk 0:02:32]} dxe5 {[%clk 0:02:06]} 19. Bxc6
{[%clk 0:02:31]} Rd4 {[%clk 0:02:07]} 20. Bxd7 {[%clk 0:02:27]} Rxd2
{[%clk 0:02:08]} 21. Rxd2 {[%clk 0:02:28]} Rf8 {[%clk 0:02:07]} 22. Rde2
{[%clk 0:02:20]} c4 {[%clk 0:02:03]} 23. Rxe5 {[%clk 0:02:19]} cxb3
{[%clk 0:02:04]} 24. axb3 {[%clk 0:02:18]} g6 {[%clk 0:01:56]} 25. Bb5
{[%clk 0:02:09]} Kg7 {[%clk 0:01:55]} 26. Bc4 {[%clk 0:02:03]} h5
{[%clk 0:01:35]} 27. h4 {[%clk 0:01:55]} Rd8 {[%clk 0:01:25]} 28. R5e3
{[%clk 0:01:51]} Qf5 {[%clk 0:01:12]} 29. Ne4 {[%clk 0:01:49]} f6
{[%clk 0:00:58]} 30. Kg2 {[%clk 0:01:46]} Qa5 {[%clk 0:00:51]} 31. c3
{[%clk 0:01:39]} Re8 {[%clk 0:00:51]} 32. b4 {[%clk 0:01:38]} Qb6
{[%clk 0:00:48]} 33. Nc5 {[%clk 0:01:25]} Rxe3 34. Rxe3 {[%clk 0:01:26]} g5
{[%clk 0:00:41]} 35. Re7+ {[%clk 0:01:23]} Kh8 {[%clk 0:00:40]} 36. Re6
{[%clk 0:01:18]} Qb8 {[%clk 0:00:40]} 37. hxg5 {[%clk 0:00:54]} fxg5
{[%clk 0:00:41]} 38. Rh6+ {[%clk 0:00:49]} Kg7 {[%clk 0:00:42]} 39. Rxh5
{[%clk 0:00:49]} Kg6 {[%clk 0:00:43]} 40. Rh1 {[%clk 0:00:43]} a5
{[%clk 0:00:44]} 41. Bd3+ {[%clk 0:00:42]} Kg7 {[%clk 0:00:42]} 42. bxa5
{[%clk 0:00:35]} Qa8+ {[%clk 0:00:44]} 43. Be4 {[%clk 0:00:35]} Qxa5
{[%clk 0:00:45]} 44. Ne6+ {[%clk 0:00:27]} Kf6 {[%clk 0:00:29]} 45. Rh6+
{[%clk 0:00:28]} Ke7 {[%clk 0:00:30]} 46. Nxc7 {[%clk 0:00:27]} Qc5
{[%clk 0:00:26]} 47. Nd5+ {[%clk 0:00:26]} Kf7 {[%clk 0:00:27]} 48. Rf6+
{[%clk 0:00:24]} Kg7 {[%clk 0:00:28]} 49. Rf5 {[%clk 0:00:25]} Qc4
{[%clk 0:00:24]} 50. Rxg5+ {[%clk 0:00:21]} Kf8 {[%clk 0:00:25]} 51. Rf5+
{[%clk 0:00:21]} Kg7 {[%clk 0:00:26]} 52. Rf4 {[%clk 0:00:22]} Qc5
{[%clk 0:00:26]} 53. Bf3 {[%clk 0:00:21]} Kg6 {[%clk 0:00:27]} 54. c4
{[%clk 0:00:19]} Kg5 {[%clk 0:00:27]} 55. Ne3 {[%clk 0:00:21]} Kg6
{[%clk 0:00:27]} 56. Be4+ {[%clk 0:00:22]} Kg7 {[%clk 0:00:28]} 57. Bd5
{[%clk 0:00:21]} Kg6 {[%clk 0:00:27]} 58. Ng4 {[%clk 0:00:21]} Kg5
{[%clk 0:00:26]} 59. Nf6 {[%clk 0:00:21]} Qc7 {[%clk 0:00:17]} 60. Ne4+
{[%clk 0:00:22]} Kh5 {[%clk 0:00:19]} 61. Rf7 {[%clk 0:00:14]} Qc8
{[%clk 0:00:16]} 62. Rf4 {[%clk 0:00:11]} Qc7 {[%clk 0:00:16]} 63. c5
{[%clk 0:00:12]} Qe5 {[%clk 0:00:17]} 64. Bf7+ {[%clk 0:00:08]} Kh6
{[%clk 0:00:18]} 65. c6 {[%clk 0:00:09]} Qc7 {[%clk 0:00:15]} 66. Bd5
{[%clk 0:00:08]} Qe5 {[%clk 0:00:16]} 67. Bf7 {[%clk 0:00:05]} Qc7
{[%clk 0:00:12]} 68. Be8 {[%clk 0:00:05]} Qe5 {[%clk 0:00:11]} 69. Bd7
{[%clk 0:00:07]} Qd5 {[%clk 0:00:11]} 70. Kg1 {[%clk 0:00:07]} Qd1+
{[%clk 0:00:12]} 71. Kh2 {[%clk 0:00:08]} Qd4 {[%clk 0:00:09]} 72. c7
{[%clk 0:00:09]} Qxd7 {[%clk 0:00:07]} 73. Rh4+ {[%clk 0:00:09]} Kg6
{[%clk 0:00:07]} 74. Rf4 {[%clk 0:00:05]} Qxc7 {[%clk 0:00:08]} 75. Nd2
{[%clk 0:00:06]} Qd6 {[%clk 0:00:09]} 76. Nf3 {[%clk 0:00:07]} Qc7
{[%clk 0:00:09]} 77. Kg2 {[%clk 0:00:08]} Qb7 {[%clk 0:00:10]} 78. Rd4
{[%clk 0:00:08]} Kf5 {[%clk 0:00:10]} 79. Rf4+ Kg6 80. Kh2 {[%clk 0:00:10]} Qb2
{[%clk 0:00:11]} 81. Kh3 {[%clk 0:00:08]} Qe2 {[%clk 0:00:08]} 82. Kg2
{[%clk 0:00:08]} Qb2 {[%clk 0:00:09]} 83. g4 {[%clk 0:00:09]} Qb8
{[%clk 0:00:08]} 84. Rf5 {[%clk 0:00:09]} Qb4 {[%clk 0:00:09]} 85. Kg3
{[%clk 0:00:10]} Qb8+ {[%clk 0:00:10]} 86. Kg2 {[%clk 0:00:10]} Qb4
{[%clk 0:00:12]} 87. Ne5+ {[%clk 0:00:09]} Kh6 {[%clk 0:00:08]} 88. Kg3
{[%clk 0:00:09]} Qc3+ {[%clk 0:00:08]} 89. Nf3 {[%clk 0:00:10]} Qc7+
{[%clk 0:00:10]} 90. Kh3 {[%clk 0:00:11]} Qc3 {[%clk 0:00:08]} 91. Kg2
{[%clk 0:00:12]} Kg6 {[%clk 0:00:07]} 92. Rg5+ {[%clk 0:00:12]} Kh6
{[%clk 0:00:09]} 93. Rh5+ {[%clk 0:00:12]} Kg6 {[%clk 0:00:10]} 94. Ne5+
{[%clk 0:00:12]} Kf6 {[%clk 0:00:10]} 95. Rf5+ {[%clk 0:00:13]} Ke6
{[%clk 0:00:10]} 96. Ng6 {[%clk 0:00:10]} Qc6+ {[%clk 0:00:08]} 97. f3
{[%clk 0:00:11]} Qc2+ {[%clk 0:00:10]} 98. Kg3 {[%clk 0:00:12]} Qc1
{[%clk 0:00:11]} 99. Nf4+ {[%clk 0:00:12]} Ke7 {[%clk 0:00:13]} 100. Kh4
{[%clk 0:00:12]} Qe1+ {[%clk 0:00:13]} 101. Kg5 {[%clk 0:00:12]} Qe3
{[%clk 0:00:13]} 102. Kg6 {[%clk 0:00:08]} Qb6+ {[%clk 0:00:11]} 103. Kh5
{[%clk 0:00:09]} Qb3 {[%clk 0:00:09]} 104. Kh4 {[%clk 0:00:06]} Ke8
{[%clk 0:00:07]} 105. Ng6 {[%clk 0:00:06]} Qb1 {[%clk 0:00:06]} 106. Kg5
{[%clk 0:00:07]} Qc1+ {[%clk 0:00:07]} 107. f4 {[%clk 0:00:08]} Qc6
{[%clk 0:00:07]} 108. Rf8+ {[%clk 0:00:09]} Qd5+ 1-0

[Event "Russian Championship (Blitz, Men)"]
[Site "Sochi"]
[Date "2018.10.07"]
[Round "14.17"]
[White "Inozemtsev, Sergei"]
[Black "Rakhmanov, Aleksandr"]
[Result "0-1"]
[BlackElo "2578"]
[WhiteElo "2312"]
[LiveChessVersion "1.4.8"]

1. e4 {[%clk 0:03:02]} c5 {[%clk 0:03:04]} 2. Nf3 {[%clk 0:03:02]} Nf6
{[%clk 0:03:05]} 3. d3 {[%clk 0:03:02]} d5 {[%clk 0:03:05]} 4. Nbd2
{[%clk 0:03:02]} Nc6 {[%clk 0:03:06]} 5. g3 {[%clk 0:03:03]} e6 {[%clk 0:03:05]}
6. Bg2 {[%clk 0:03:03]} Be7 {[%clk 0:03:07]} 7. O-O {[%clk 0:03:03]} h6
{[%clk 0:03:07]} 8. Re1 {[%clk 0:03:03]} Rb8 {[%clk 0:03:07]} 9. a4
{[%clk 0:02:58]} b6 {[%clk 0:03:07]} 10. c3 {[%clk 0:02:58]} Ba6 {[%clk 0:03:07]}
11. Qc2 {[%clk 0:02:51]} Rc8 {[%clk 0:03:07]} 12. h4 {[%clk 0:02:42]} dxe4
{[%clk 0:02:54]} 13. dxe4 {[%clk 0:02:43]} Bd3 {[%clk 0:02:55]} 14. Qb3
{[%clk 0:02:40]} O-O {[%clk 0:02:32]} 15. e5 {[%clk 0:02:18]} Na5
{[%clk 0:02:08]} 16. Qa2 {[%clk 0:01:57]} Nd5 {[%clk 0:02:02]} 17. Ne4
{[%clk 0:01:42]} Bc4 {[%clk 0:01:59]} 18. Qb1 {[%clk 0:01:43]} Nb3
{[%clk 0:01:58]} 19. Ra3 {[%clk 0:01:37]} Nc7 {[%clk 0:01:58]} 20. Bf4
{[%clk 0:01:32]} Bd3 {[%clk 0:01:46]} 21. Qd1 {[%clk 0:01:31]} c4
{[%clk 0:01:47]} 22. Nd6 {[%clk 0:01:30]} Bh7 {[%clk 0:01:30]} 23. Nxc8
{[%clk 0:01:30]} Bxa3 {[%clk 0:01:28]} 24. Nxa7 {[%clk 0:01:30]} Qxd1
{[%clk 0:01:18]} 25. Rxd1 {[%clk 0:01:30]} Bxb2 {[%clk 0:01:19]} 26. Bf1
{[%clk 0:01:21]} Na5 {[%clk 0:01:05]} 27. Be3 {[%clk 0:01:10]} Nd5
{[%clk 0:01:03]} 28. Nb5 {[%clk 0:01:08]} Be4 {[%clk 0:00:44]} 29. Nd2
{[%clk 0:01:04]} Nxe3 {[%clk 0:00:43]} 30. fxe3 {[%clk 0:01:02]} Bc2
{[%clk 0:00:43]} 31. Re1 {[%clk 0:01:01]} Bxa4 {[%clk 0:00:44]} 32. Nxc4
{[%clk 0:01:00]} Nxc4 {[%clk 0:00:31]} 33. Bxc4 {[%clk 0:01:01]} Bxb5
{[%clk 0:00:29]} 34. Bxb5 {[%clk 0:01:02]} Bxc3 {[%clk 0:00:30]} 35. Rb1
{[%clk 0:01:02]} Bxe5 {[%clk 0:00:29]} 36. Kg2 {[%clk 0:01:03]} Bd6
{[%clk 0:00:26]} 37. Kf3 {[%clk 0:01:03]} h5 {[%clk 0:00:25]} 38. Bd3
{[%clk 0:01:03]} Bc5 {[%clk 0:00:26]} 39. g4 {[%clk 0:01:02]} hxg4+
{[%clk 0:00:27]} 40. Kxg4 {[%clk 0:01:03]} Bxe3 {[%clk 0:00:28]} 41. Rb3
{[%clk 0:01:04]} Bc5 {[%clk 0:00:28]} 42. h5 {[%clk 0:01:05]} Rd8
{[%clk 0:00:30]} 43. Bb5 {[%clk 0:01:04]} Rd4+ {[%clk 0:00:30]} 44. Kg3
{[%clk 0:01:05]} Kh7 {[%clk 0:00:30]} 45. Be8 {[%clk 0:01:06]} Kg8
{[%clk 0:00:20]} 46. Rf3 {[%clk 0:01:03]} f5 {[%clk 0:00:20]} 47. Kh3
{[%clk 0:00:58]} Kf8 {[%clk 0:00:21]} 48. Bg6 {[%clk 0:00:58]} Ke7
{[%clk 0:00:22]} 49. Rc3 {[%clk 0:00:55]} Kf6 {[%clk 0:00:23]} 50. Rc2
{[%clk 0:00:53]} Rd3+ {[%clk 0:00:23]} 51. Kh2 {[%clk 0:00:55]} Rd4
{[%clk 0:00:23]} 52. Ra2 {[%clk 0:00:55]} Rg4 {[%clk 0:00:23]} 53. Ra7
{[%clk 0:00:55]} Rxg6 {[%clk 0:00:24]} 54. hxg6 {[%clk 0:00:56]} Kxg6
{[%clk 0:00:25]} 55. Kg3 {[%clk 0:00:57]} Kf6 {[%clk 0:00:26]} 56. Kf3
{[%clk 0:00:57]} g5 {[%clk 0:00:26]} 57. Rh7 {[%clk 0:00:57]} g4+
{[%clk 0:00:27]} 58. Kg3 {[%clk 0:00:58]} Ke5 {[%clk 0:00:23]} 59. Rh6
{[%clk 0:00:53]} b5 {[%clk 0:00:24]} 60. Rh8 {[%clk 0:00:53]} b4 {[%clk 0:00:25]}
61. Rb8 {[%clk 0:00:54]} Kd4 {[%clk 0:00:25]} 62. Rb7 {[%clk 0:00:54]} Kc4
{[%clk 0:00:23]} 63. Kf4 {[%clk 0:00:55]} b3 {[%clk 0:00:24]} 64. Ke5
{[%clk 0:00:55]} g3 {[%clk 0:00:19]} 65. Rh7 {[%clk 0:00:53]} g2 {[%clk 0:00:19]}
66. Rh4+ {[%clk 0:00:54]} Kb5 {[%clk 0:00:20]} 67. Kd4 0-1

[Event "Russian Championship (Blitz, Men)"]
[Site "Sochi"]
[Date "2018.10.07"]
[Round "15.18"]
[White "Usmanov, Vasily"]
[Black "Khanin, Semen"]
[Result "0-1"]
[BlackElo "2545"]
[WhiteElo "2446"]
[LiveChessVersion "1.4.8"]

1. Nf3 {[%clk 0:03:03]} d5 {[%clk 0:03:03]} 2. d4 {[%clk 0:03:04]} c5
{[%clk 0:03:03]} 3. c4 {[%clk 0:03:02]} dxc4 {[%clk 0:02:49]} 4. Qa4+
{[%clk 0:02:53]} Nc6 {[%clk 0:02:34]} 5. dxc5 {[%clk 0:02:52]} Qa5+
{[%clk 0:01:54]} 6. Qxa5 {[%clk 0:02:29]} Nxa5 {[%clk 0:01:54]} 7. e4
{[%clk 0:02:05]} e6 {[%clk 0:01:33]} 8. Be3 {[%clk 0:02:04]} Nf6 {[%clk 0:01:31]}
9. Nc3 {[%clk 0:02:03]} Ng4 {[%clk 0:01:24]} 10. Bd4 {[%clk 0:02:00]} Nc6
{[%clk 0:00:58]} 11. Nb5 {[%clk 0:01:32]} Nxd4 {[%clk 0:00:59]} 12. Nfxd4
{[%clk 0:01:32]} Bxc5 {[%clk 0:00:59]} 13. Bxc4 {[%clk 0:01:23]} O-O
{[%clk 0:00:46]} 14. Be2 {[%clk 0:01:03]} Nxf2 {[%clk 0:00:37]} 15. Kxf2
{[%clk 0:00:57]} a6 {[%clk 0:00:37]} 16. Rhc1 {[%clk 0:00:52]} Bb6
{[%clk 0:00:38]} 17. Ke1 {[%clk 0:00:27]} axb5 {[%clk 0:00:39]} 18. Nxb5
{[%clk 0:00:28]} e5 {[%clk 0:00:39]} 19. Bc4 {[%clk 0:00:26]} Bd7
{[%clk 0:00:39]} 20. Nd6 {[%clk 0:00:24]} Bc6 {[%clk 0:00:38]} 21. b4
{[%clk 0:00:14]} Bd4 {[%clk 0:00:38]} 22. Rab1 {[%clk 0:00:13]} Rad8
{[%clk 0:00:38]} 23. b5 {[%clk 0:00:07]} Rxd6 {[%clk 0:00:38]} 24. bxc6
{[%clk 0:00:09]} bxc6 {[%clk 0:00:36]} 25. Rb7 {[%clk 0:00:10]} Rf6
{[%clk 0:00:36]} 26. Rc2 {[%clk 0:00:06]} h5 {[%clk 0:00:33]} 27. a4
{[%clk 0:00:07]} Ra8 {[%clk 0:00:34]} 28. Ra2 {[%clk 0:00:08]} Rf4
{[%clk 0:00:29]} 29. Bd3 {[%clk 0:00:10]} c5 {[%clk 0:00:28]} 30. a5
{[%clk 0:00:10]} Rxa5 {[%clk 0:00:27]} 31. Rxa5 {[%clk 0:00:07]} Bc3+
{[%clk 0:00:28]} 32. Ke2 {[%clk 0:00:07]} Bxa5 {[%clk 0:00:29]} 33. g3
{[%clk 0:00:07]} Rf6 {[%clk 0:00:29]} 34. Re7 {[%clk 0:00:05]} Bc3
{[%clk 0:00:29]} 35. Bc4 {[%clk 0:00:06]} Bd4 {[%clk 0:00:30]} 36. Bd5
{[%clk 0:00:07]} g6 {[%clk 0:00:24]} 37. Re8+ {[%clk 0:00:05]} Kg7
{[%clk 0:00:25]} 38. Re7 {[%clk 0:00:07]} g5 {[%clk 0:00:22]} 39. Rc7
{[%clk 0:00:06]} g4 {[%clk 0:00:22]} 40. Re7 {[%clk 0:00:07]} Kg6
{[%clk 0:00:23]} 41. Re8 {[%clk 0:00:08]} Rf2+ {[%clk 0:00:24]} 42. Kd3
{[%clk 0:00:09]} Rxh2 {[%clk 0:00:24]} 43. Rg8+ {[%clk 0:00:09]} Kf6
{[%clk 0:00:21]} 44. Rf8 {[%clk 0:00:10]} Rg2 {[%clk 0:00:22]} 45. Rxf7+
{[%clk 0:00:11]} Kg6 {[%clk 0:00:23]} 46. Rf5 {[%clk 0:00:10]} Rxg3+
{[%clk 0:00:23]} 47. Kc4 {[%clk 0:00:11]} h4 {[%clk 0:00:23]} 48. Bf7+
{[%clk 0:00:11]} Kg7 {[%clk 0:00:24]} 49. Kd5 {[%clk 0:00:12]} Rf3
{[%clk 0:00:19]} 50. Be6 {[%clk 0:00:13]} Rxf5 {[%clk 0:00:17]} 51. Bxf5
{[%clk 0:00:15]} g3 {[%clk 0:00:18]} 52. Bh3 {[%clk 0:00:16]} Kf6
{[%clk 0:00:19]} 53. Kc4 {[%clk 0:00:11]} Kg5 {[%clk 0:00:20]} 54. Kd3
{[%clk 0:00:10]} Kf4 {[%clk 0:00:21]} 55. Ke2 {[%clk 0:00:05]} Kxe4
{[%clk 0:00:22]} 56. Bd7 {[%clk 0:00:05]} c4 {[%clk 0:00:23]} 57. Bb5
{[%clk 0:00:06]} c3 {[%clk 0:00:24]} 58. Bc6+ {[%clk 0:00:08]} Kf4
{[%clk 0:00:25]} 59. Kd3 {[%clk 0:00:09]} h3 {[%clk 0:00:25]} 60. Bh1
{[%clk 0:00:09]} g2 {[%clk 0:00:26]} 61. Kxd4 0-1

[Event "Russian Championship (Blitz, Men)"]
[Site "Sochi"]
[Date "2018.10.07"]
[Round "16.2"]
[White "Ponkratov, Pavel"]
[Black "Esipenko, Andrey"]
[Result "1-0"]
[BlackElo "2634"]
[WhiteElo "2647"]
[LiveChessVersion "1.4.8"]

1. d4 {[%clk 0:03:02]} Nf6 {[%clk 0:03:03]} 2. Bg5 {[%clk 0:03:02]} d5
{[%clk 0:03:04]} 3. Nf3 {[%clk 0:03:03]} e6 {[%clk 0:03:00]} 4. Nbd2
{[%clk 0:03:03]} c5 {[%clk 0:02:58]} 5. e4 {[%clk 0:03:02]} dxe4 {[%clk 0:02:45]}
6. Nxe4 {[%clk 0:03:01]} cxd4 {[%clk 0:02:46]} 7. Bxf6 {[%clk 0:02:44]} gxf6
{[%clk 0:02:46]} 8. Qxd4 {[%clk 0:02:45]} Qxd4 {[%clk 0:02:35]} 9. Nxd4
{[%clk 0:02:46]} Ke7 {[%clk 0:02:32]} 10. O-O-O {[%clk 0:02:40]} f5
{[%clk 0:02:32]} 11. Nd2 {[%clk 0:02:30]} Bd7 {[%clk 0:02:30]} 12. f4
{[%clk 0:02:26]} Nc6 {[%clk 0:02:26]} 13. N2f3 {[%clk 0:02:27]} Bg7
{[%clk 0:02:26]} 14. g3 {[%clk 0:02:21]} Rhc8 {[%clk 0:02:25]} 15. c3
{[%clk 0:02:22]} Nxd4 {[%clk 0:02:20]} 16. Nxd4 {[%clk 0:02:22]} Rc7
{[%clk 0:02:19]} 17. Kb1 {[%clk 0:02:23]} a6 {[%clk 0:02:19]} 18. Bg2
{[%clk 0:02:23]} Rac8 {[%clk 0:02:14]} 19. Rhe1 {[%clk 0:02:24]} Kf8
{[%clk 0:02:15]} 20. Bf3 {[%clk 0:02:23]} Bf6 {[%clk 0:02:16]} 21. Rd2
{[%clk 0:02:10]} Ba4 {[%clk 0:02:01]} 22. Re3 {[%clk 0:01:43]} Be8
{[%clk 0:01:48]} 23. Red3 {[%clk 0:01:40]} Ke7 {[%clk 0:01:47]} 24. a3
{[%clk 0:01:38]} Rd7 {[%clk 0:01:36]} 25. Nc2 {[%clk 0:01:28]} Rxd3
{[%clk 0:01:37]} 26. Rxd3 {[%clk 0:01:29]} Rc7 {[%clk 0:01:38]} 27. Ne3
{[%clk 0:01:26]} Bb5 {[%clk 0:01:37]} 28. Rd2 {[%clk 0:01:27]} Ke8
{[%clk 0:01:32]} 29. c4 {[%clk 0:01:24]} Ba4 {[%clk 0:01:30]} 30. b4
{[%clk 0:01:22]} b6 {[%clk 0:00:52]} 31. Rd6 {[%clk 0:01:19]} Rd7
{[%clk 0:00:54]} 32. Bc6 {[%clk 0:00:41]} Bxc6 {[%clk 0:00:54]} 33. Rxc6
{[%clk 0:00:42]} Bd4 {[%clk 0:00:46]} 34. Nf1 {[%clk 0:00:39]} Bg1
{[%clk 0:00:36]} 35. Kc2 {[%clk 0:00:39]} h5 {[%clk 0:00:36]} 36. a4
{[%clk 0:00:40]} Ke7 {[%clk 0:00:35]} 37. a5 {[%clk 0:00:34]} bxa5
{[%clk 0:00:36]} 38. bxa5 {[%clk 0:00:35]} Rd6 {[%clk 0:00:37]} 39. Rc7+
{[%clk 0:00:36]} Kf6 {[%clk 0:00:36]} 40. Rb7 {[%clk 0:00:24]} Rd4
{[%clk 0:00:28]} 41. Nd2 {[%clk 0:00:23]} Be3 {[%clk 0:00:27]} 42. Nf3
{[%clk 0:00:24]} Rd8 {[%clk 0:00:15]} 43. Ne5 {[%clk 0:00:25]} Kg7
{[%clk 0:00:05]} 44. Nxf7 {[%clk 0:00:19]} Rd2+ {[%clk 0:00:07]} 45. Kc3
{[%clk 0:00:18]} Rxh2 {[%clk 0:00:08]} 46. Ne5+ {[%clk 0:00:14]} Kg8
{[%clk 0:00:09]} 47. Kd3 {[%clk 0:00:13]} Bc5 {[%clk 0:00:08]} 48. Nd7
{[%clk 0:00:13]} Bf2 {[%clk 0:00:07]} 49. c5 {[%clk 0:00:14]} Bxc5
{[%clk 0:00:00]} 50. Ke4 1-0

[Event "Russian Championship (Blitz, Men)"]
[Site "Sochi"]
[Date "2018.10.07"]
[Round "16.5"]
[White "Antipov, Mikhail Al."]
[Black "Morozevich, Alexander"]
[Result "1/2-1/2"]
[BlackElo "2677"]
[WhiteElo "2491"]
[LiveChessVersion "1.4.8"]

1. e4 {[%clk 0:03:03]} c5 {[%clk 0:02:56]} 2. Nf3 {[%clk 0:03:04]} e6
{[%clk 0:02:56]} 3. b3 {[%clk 0:03:05]} Nc6 {[%clk 0:02:52]} 4. Bb2
{[%clk 0:03:05]} Nf6 {[%clk 0:02:51]} 5. e5 {[%clk 0:03:05]} Ng4 {[%clk 0:02:43]}
6. h3 {[%clk 0:02:43]} Nh6 {[%clk 0:02:43]} 7. Bd3 {[%clk 0:02:44]} Be7
{[%clk 0:02:29]} 8. Be4 {[%clk 0:02:42]} Qc7 {[%clk 0:02:21]} 9. O-O
{[%clk 0:02:24]} O-O {[%clk 0:02:01]} 10. Na3 {[%clk 0:01:19]} Nf5
{[%clk 0:01:47]} 11. Bxf5 {[%clk 0:00:52]} exf5 {[%clk 0:01:48]} 12. d4
{[%clk 0:00:53]} cxd4 {[%clk 0:01:23]} 13. Nb5 {[%clk 0:00:49]} Qa5
{[%clk 0:01:24]} 14. Nbxd4 {[%clk 0:00:41]} Nxd4 {[%clk 0:01:25]} 15. Qxd4
{[%clk 0:00:40]} b6 {[%clk 0:01:09]} 16. c4 {[%clk 0:00:36]} Rd8 {[%clk 0:00:49]}
17. Rfe1 {[%clk 0:00:26]} Bb7 {[%clk 0:00:47]} 18. e6 {[%clk 0:00:18]} Bf6 19.
exf7+ {[%clk 0:00:17]} Kxf7 {[%clk 0:00:43]} 20. Ng5+ {[%clk 0:00:07]} Kg6
{[%clk 0:00:33]} 21. Qd6 {[%clk 0:00:08]} Qc5 {[%clk 0:00:21]} 22. Qxc5
{[%clk 0:00:08]} bxc5 {[%clk 0:00:22]} 23. Bxf6 {[%clk 0:00:09]} Kxf6
{[%clk 0:00:21]} 24. Nf3 {[%clk 0:00:10]} Bxf3 25. gxf3 {[%clk 0:00:11]} a5
{[%clk 0:00:05]} 26. Rad1 {[%clk 0:00:08]} d6 {[%clk 0:00:06]} 27. Rd5
{[%clk 0:00:05]} a4 {[%clk 0:00:07]} 28. Red1 {[%clk 0:00:05]} Ke6
{[%clk 0:00:06]} 29. Re1+ {[%clk 0:00:06]} Kf6 {[%clk 0:00:08]} 30. Red1
{[%clk 0:00:06]} Ke6 {[%clk 0:00:08]} 31. Re1+ {[%clk 0:00:07]} Rh8
{[%clk 0:00:09]} 1/2-1/2

[Event "Russian Championship (Blitz, Men)"]
[Site "Sochi"]
[Date "2018.10.07"]
[Round "16.7"]
[White "Gordievsky, Dmitry"]
[Black "Sarana, Alexey"]
[Result "0-1"]
[BlackElo "2532"]
[WhiteElo "2614"]
[LiveChessVersion "1.4.8"]

1. Nf3 {[%clk 0:03:02]} Nf6 {[%clk 0:03:03]} 2. c4 {[%clk 0:03:04]} g6
{[%clk 0:03:04]} 3. Nc3 {[%clk 0:03:05]} d5 {[%clk 0:03:06]} 4. cxd5
{[%clk 0:03:03]} Nxd5 {[%clk 0:03:07]} 5. h4 {[%clk 0:03:04]} Bg7
{[%clk 0:03:08]} 6. e4 {[%clk 0:03:05]} Nxc3 {[%clk 0:03:09]} 7. dxc3
{[%clk 0:03:06]} Qxd1+ {[%clk 0:03:09]} 8. Kxd1 {[%clk 0:03:07]} e5
{[%clk 0:03:11]} 9. Be3 {[%clk 0:02:57]} Bg4 {[%clk 0:03:09]} 10. Be2
{[%clk 0:02:56]} Nd7 {[%clk 0:03:07]} 11. Nd2 {[%clk 0:02:55]} Bxe2+
{[%clk 0:03:07]} 12. Kxe2 {[%clk 0:02:56]} h5 {[%clk 0:03:07]} 13. a4
{[%clk 0:02:53]} Bh6 {[%clk 0:03:06]} 14. a5 {[%clk 0:02:53]} Bxe3
{[%clk 0:03:06]} 15. Kxe3 {[%clk 0:02:53]} a6 {[%clk 0:03:06]} 16. b4
{[%clk 0:02:54]} Ke7 {[%clk 0:03:06]} 17. Nb3 {[%clk 0:02:36]} c5
{[%clk 0:02:49]} 18. Rhd1 {[%clk 0:01:45]} Rhc8 {[%clk 0:02:48]} 19. Rd5
{[%clk 0:01:36]} cxb4 {[%clk 0:02:47]} 20. cxb4 {[%clk 0:01:37]} Rc3+
{[%clk 0:02:31]} 21. Rd3 {[%clk 0:01:38]} Rc4 {[%clk 0:02:29]} 22. Rb1
{[%clk 0:01:19]} Rac8 {[%clk 0:02:10]} 23. Nd2 {[%clk 0:01:15]} Rc2
{[%clk 0:02:03]} 24. f3 {[%clk 0:00:56]} Ke6 {[%clk 0:01:49]} 25. g3
{[%clk 0:00:48]} R8c3 {[%clk 0:01:44]} 26. Rb3 {[%clk 0:00:47]} Rxb3
{[%clk 0:01:27]} 27. Rxb3 {[%clk 0:00:43]} Rc1 {[%clk 0:01:26]} 28. b5
{[%clk 0:00:14]} Nc5 {[%clk 0:01:27]} 29. bxa6 {[%clk 0:00:14]} bxa6
{[%clk 0:01:13]} 30. Rb6+ {[%clk 0:00:15]} Kd7 {[%clk 0:01:10]} 31. Rf6
{[%clk 0:00:12]} Rc3+ {[%clk 0:01:05]} 32. Ke2 {[%clk 0:00:12]} Ke7
{[%clk 0:01:05]} 33. Rb6 {[%clk 0:00:12]} Rc2 {[%clk 0:00:50]} 34. Ke3
{[%clk 0:00:12]} Rc1 {[%clk 0:00:43]} 35. Ke2 {[%clk 0:00:09]} Rc3
{[%clk 0:00:43]} 36. Kd1 {[%clk 0:00:05]} Ra3 {[%clk 0:00:34]} 37. Nc4
{[%clk 0:00:04]} Rxf3 {[%clk 0:00:35]} 38. Nxe5 {[%clk 0:00:03]} Rxg3
{[%clk 0:00:33]} 39. Rc6 {[%clk 0:00:04]} Rc3 {[%clk 0:00:20]} 40. Rb6
{[%clk 0:00:05]} Ra3 {[%clk 0:00:15]} 41. Ke2 {[%clk 0:00:03]} Kf8
{[%clk 0:00:10]} 42. Nc6 {[%clk 0:00:03]} Nxe4 {[%clk 0:00:09]} 43. Rxa6
{[%clk 0:00:04]} g5 {[%clk 0:00:09]} 44. hxg5 {[%clk 0:00:05]} h4
{[%clk 0:00:11]} 45. Ra8+ {[%clk 0:00:05]} Kg7 {[%clk 0:00:12]} 46. Ra7
{[%clk 0:00:05]} h3 {[%clk 0:00:12]} 47. g6 {[%clk 0:00:05]} h2 {[%clk 0:00:07]}
48. Rxf7+ {[%clk 0:00:05]} Kxg6 {[%clk 0:00:08]} 49. Ne5+ {[%clk 0:00:06]} Kg5
{[%clk 0:00:10]} 50. Rg7+ {[%clk 0:00:04]} Kf6 {[%clk 0:00:10]} 51. Rh7
{[%clk 0:00:04]} Kxe5 {[%clk 0:00:10]} 52. Rh5+ {[%clk 0:00:03]} Kd4
{[%clk 0:00:11]} 53. a6 {[%clk 0:00:00]} Ke5 0-1